<?xml version="1.0" encoding="UTF-8"?>
<record
    xmlns:xsi="http://www.w3.org/2001/XMLSchema-instance"
    xsi:schemaLocation="http://www.loc.gov/MARC21/slim http://www.loc.gov/standards/marcxml/schema/MARC21slim.xsd"
    xmlns="http://www.loc.gov/MARC21/slim">

  <leader>01943    a2200289   4500</leader>
  <controlfield tag="003">Nust</controlfield>
  <controlfield tag="005">20220819112931.0</controlfield>
  <datafield tag="010" ind1=" " ind2=" ">
    <subfield code="a">2005049375</subfield>
  </datafield>
  <datafield tag="020" ind1=" " ind2=" ">
    <subfield code="a">1584884657</subfield>
  </datafield>
  <datafield tag="035" ind1=" " ind2=" ">
    <subfield code="a">(OCoLC)ocm60644811</subfield>
  </datafield>
  <datafield tag="040" ind1=" " ind2=" ">
    <subfield code="c">Nust</subfield>
  </datafield>
  <datafield tag="082" ind1="0" ind2="0">
    <subfield code="a">621.384,BOU</subfield>
  </datafield>
  <datafield tag="245" ind1="0" ind2="0">
    <subfield code="a">Handbook of algorithms for wireless networking and mobile computing /</subfield>
    <subfield code="c">edited by Azzedine Boukerche.</subfield>
  </datafield>
  <datafield tag="260" ind1=" " ind2=" ">
    <subfield code="a">Boca Raton, FL :</subfield>
    <subfield code="b">Chapman &amp; Hall/CRC,</subfield>
    <subfield code="c">2006.</subfield>
  </datafield>
  <datafield tag="300" ind1=" " ind2=" ">
    <subfield code="a">1 v. (various pagings) :</subfield>
    <subfield code="b">ill. ;</subfield>
    <subfield code="c">27 cm.</subfield>
  </datafield>
  <datafield tag="440" ind1=" " ind2="0">
    <subfield code="a">Chapman &amp; Hall/CRC computer and information science series</subfield>
    <subfield code="9">13921</subfield>
  </datafield>
  <datafield tag="505" ind1=" " ind2=" ">
    <subfield code="a">SECTION -1: MAC Protocols and Scheduling Strategies in Wireless Networks (Page-23), SECTION-2: Routing Protocols and Location Awareness Strategies in Wireless Networks (Page-123), SECTION-3: Resource Allocation and Management in Wireless Networks (Page-415), SECTION-4: Mobility and Location Management in Wireless Networks (Page-477), SECTION-5: QoS in Wireless Networks (Page-613), SECTION-6: TCP Studies in Wireless Networks (Page-679), SECTION-7: Algorithms and Protocols for Bluetooth Wireless PAN (Page-725), SECTION-8: Wireless Sensor Networks (Page-813), SECTION-9: Security Issues in Wireless (Page-905).</subfield>
  </datafield>
  <datafield tag="650" ind1=" " ind2="0">
    <subfield code="a">Mobile communication systems</subfield>
    <subfield code="x">Design and construction</subfield>
    <subfield code="x">Mathematics.</subfield>
    <subfield code="9">98235</subfield>
  </datafield>
  <datafield tag="650" ind1=" " ind2="0">
    <subfield code="a">Mobile computing</subfield>
    <subfield code="x">Design and construction</subfield>
    <subfield code="x">Mathematics.</subfield>
    <subfield code="9">98236</subfield>
  </datafield>
  <datafield tag="650" ind1=" " ind2="0">
    <subfield code="a">Wireless communication systems</subfield>
    <subfield code="x">Design and construction</subfield>
    <subfield code="x">Mathematics.</subfield>
    <subfield code="9">98237</subfield>
  </datafield>
  <datafield tag="700" ind1="1" ind2=" ">
    <subfield code="a">Boukerche, Azzedine.</subfield>
    <subfield code="9">98238</subfield>
  </datafield>
  <datafield tag="856" ind1="4" ind2="0">
    <subfield code="u">http://focus.lib.kth.se/login?url=http://www.engnetbase.com/ejournals/books/book_km.asp?id=4956</subfield>
  </datafield>
  <datafield tag="856" ind1="4" ind2="0">
    <subfield code="u">http://proxy.lib.chalmers.se/login?url=http://www.engnetbase.com/ejournals/books/book_km.asp?id=4956</subfield>
  </datafield>
  <datafield tag="856" ind1="4" ind2="0">
    <subfield code="u">http://www.engnetbase.com/ejournals/books/book_km.asp?id=4956</subfield>
  </datafield>
  <datafield tag="856" ind1="4" ind2="0">
    <subfield code="u">https://login.e.bibl.liu.se/login?url=http://www.engnetbase.com/ejournals/books/book_km.asp?id=4956</subfield>
  </datafield>
  <datafield tag="942" ind1=" " ind2=" ">
    <subfield code="c">REF</subfield>
    <subfield code="2">ddc</subfield>
  </datafield>
  <datafield tag="999" ind1=" " ind2=" ">
    <subfield code="c">215065</subfield>
    <subfield code="d">215065</subfield>
  </datafield>
  <datafield tag="952" ind1=" " ind2=" ">
    <subfield code="0">0</subfield>
    <subfield code="1">0</subfield>
    <subfield code="2">ddc</subfield>
    <subfield code="4">0</subfield>
    <subfield code="7">0</subfield>
    <subfield code="a">MCS</subfield>
    <subfield code="b">MCS</subfield>
    <subfield code="c">REF</subfield>
    <subfield code="d">2016-12-12</subfield>
    <subfield code="o">621.384,BOU</subfield>
    <subfield code="p">MCS35951</subfield>
    <subfield code="r">2016-12-08</subfield>
    <subfield code="w">2016-12-12</subfield>
    <subfield code="y">REF</subfield>
    <subfield code="z">Almirah No.23, Shelf No.3</subfield>
  </datafield>
</record>
